| 000 | 00794nam a22002175i 4500 | ||
|---|---|---|---|
| 001 | 153690 | ||
| 003 | ES-MaACL | ||
| 005 | 20250831132618.0 | ||
| 008 | 990611q18901900sp |||| | spa d | ||
| 040 |
_aCCPB | B _bspa _cCCPB | B |
||
| 245 | 0 | 3 |
_aLa escuela criminológica positivista / _cpor C. Lombroso... [et al.]. |
| 260 |
_aMadrid : _bLa España Moderna, _c[s.a] |
||
| 300 |
_a305 p. ; _c21 cm. |
||
| 490 | 1 | _aBiblioteca de Jurisprudencia, Filosofía e Historia | |
| 596 | 1 | _aLa España Moderna ejerce como editorial ca. 1890-1900. | |
| 650 | 4 |
_aCriminología. _9135832 |
|
| 700 | 1 | 0 |
_aLombroso, Cesare, _d1835-1909 _9242173 |
| 830 | 0 | 0 |
_aBiblioteca de jurisprudencia, filosofía e historia _9180691 |
| 852 |
_aES-MaACL _jB-12428 _z-- Enc. pasta española |
||
| 999 |
_c153690 _d153690 |
||